000 00838nam a2200265 ia4500
003 OSt
005 20240229112315.0
008 240215s2023 my o||j |||| 00| 0 may d
020 _a9789672333364
_cRM39.90
_qpaperback
040 _aPPAK
_beng
_cPPAK
_erda
082 0 4 _223
_a615.5
090 0 0 _a615.5
_bRAB
_dK
100 0 _aRabiatul Adawiyah,
_eauthor.
245 1 0 _aTERAPI TERHADAP PESAKIT /
_cRabiatul Adawiyah ;
264 1 _aTanjung Karang, Selangor :
_bWaridah Resources,
_c2023
300 _a32 pages :
_bcolour illustrations ;
_c26 cm.
336 _atext
_2rdacontent
337 _aunmediated
_2rdamedia
338 _avolume
_2rdacarrier
490 1 _aTerapi Dalam Merawat Manusia
650 1 0 _aTherapeutics
650 2 0 _aPatients
830 0 _aTerapi dalam merawat manusia
942 _2ddc
_cB
999 _c195080
_d195080